000 00448nam a22001817a 4500
003 MPLRDC
005 20220104143230.0
008 210129b ||||| |||| 00| 0 eng d
020 _a962-447-555-5
082 _a857.621 NK-10 v.41
100 _a倪匡
245 _a另类复制
_c
260 _a
_b勤加缘出版社
_c1999
300 _b
490 _a卫斯理科幻系列. 41
650 _a科幻小说
942 _cBK
_o857.621 NK-10 v.41
999 _c37892
_d37882